[Event "Tournoi Skype 024A"]
[Site "Skype"]
[Date "????.??.??"]
[Round "3.32"]
[White "Munoz Gonzalez, Martin"]
[Black "Alvarez, Juan Evangelista"]
[Result "0-1"]
[WhiteElo "1460"]
[BlackElo "1590"]
[PlyCount "47"]

1. c4 Nf6 2. d4 e6 3. Nc3 Bb4 4. Bd2 O-O 5. Nf3 d6 6. e3 c5 7. Ne4 Nxe4 8. Bxb4
cxb4 9. Qc2 f5 10. Bd3 d5 11. O-O Nc6 12. Ne1 Bd7 13. f3 dxc4 14. Be2 Nd6 15.
g3 Rc8 16. Ng2 Qb6 17. Bd1 e5 18. dxe5 Nxe5 19. Rb1 a5 20. Be2 a4 21. Qd2 Bb5
22. Rfd1 Rfd8 23. b3 Ne4 24. fxe4 0-1

[Event "Tournoi Skype 024A"]
[Site "Skype"]
[Date "????.??.??"]
[Round "3.33"]
[White "Galani, Mahendra"]
[Black "Ramirez Reina, Orlando"]
[Result "1/2-1/2"]
[WhiteElo "1548"]
[BlackElo "1492"]
[PlyCount "127"]

1. e4 d5 2. exd5 Qxd5 3. Nc3 Qd6 4. Nb5 Qd8 5. Nf3 Bg4 6. h3 Bxf3 7. Qxf3 c6 8.
Nc3 Nf6 9. b4 Qd4 10. Rb1 e5 11. b5 e4 12. Qe2 Qb6 13. Nxe4 Nxe4 14. Qxe4+ Be7
15. d3 Nd7 16. d4 Nf6 17. Qe5 Qa5+ 18. Bd2 Qxa2 19. Rc1 Qd5 20. Qe3 Qe4 21.
Qxe4 Nxe4 22. Be3 O-O 23. Be2 Bb4+ 24. Kf1 Nd2+ 25. Bxd2 Bxd2 26. Rd1 Bg5 27.
bxc6 bxc6 28. Bf3 Rac8 29. Ra1 Rc7 30. Ra5 Bf6 31. c3 Rb8 32. Ke2 Rb5 33. Ra4
Rb2+ 34. Kd3 Rxf2 35. Rb1 g6 36. Rc4 Ra2 37. d5 c5 38. Rf4 Kg7 39. c4 Ra3+ 40.
Ke2 Re7+ 41. Re4 Rxe4+ 42. Bxe4 Rc3 43. Bd3 Bd8 44. Rb7 Bb6 45. d6 Ra3 46. d7
Ra2+ 47. Kf3 Kf6 48. Be4 Rd2 49. Bd5 Rd3+ 50. Ke4 Rd4+ 51. Ke3 Ke7 52. d8=Q+
Kxd8 53. Rxf7 Rh4 54. Kf3 Rh5 55. Kg4 h6 56. h4 Re5 57. Rg7 h5+ 58. Kf4 Rf5+
59. Ke4 Rf6 60. Ke5 Rf5+ 61. Ke4 Rf6 62. Ke5 Rf5+ 63. Ke4 Rf6 64. Ke5 1/2-1/2

[Event "Tournoi Skype 024A"]
[Site "Skype"]
[Date "????.??.??"]
[Round "3.34"]
[White "Bhandari, Dattatrey"]
[Black "Chavero, Victor"]
[Result "1-0"]
[WhiteElo "1425"]
[BlackElo "1544"]
[PlyCount "147"]

1. e4 e5 2. Nf3 Nc6 3. Bc4 Be7 4. c3 d5 5. Bxd5 Nf6 6. Bxc6+ bxc6 7. d3 Bg4 8.
O-O O-O 9. Qe2 Nh5 10. Be3 Bxf3 11. Qxf3 Nf6 12. Qe2 Re8 13. Nd2 Qd7 14. Nf3
Ng4 15. h3 Nxe3 16. Qxe3 Bf6 17. g4 Red8 18. Rad1 Qd6 19. a3 c5 20. g5 Be7 21.
Nh4 a5 22. Nf5 Qe6 23. h4 Ra6 24. h5 g6 25. Nxe7+ Qxe7 26. h6 Rad6 27. f4 Qd7
28. f5 Rxd3 29. Rxd3 Qxd3 30. Qxd3 Rxd3 31. Kh2 Rd2+ 32. Kg3 Rxb2 33. Rd1 Kf8
34. fxg6 fxg6 35. Rd8+ Kf7 36. Rd7+ Kg8 37. Rg7+ Kh8 38. Rxc7 Rb8 39. Rxc5 Ra8
40. Rxe5 Kg8 41. Kf4 Rf8+ 42. Ke3 a4 43. Ra5 Rc8 44. Kd4 Rd8+ 45. Rd5 Rf8 46.
Kc4 Rc8+ 47. Kb4 Ra8 48. c4 Re8 49. e5 Re7 50. Kxa4 Kf7 51. Kb5 Ke6 52. a4 Kf5
53. a5 Kxg5 54. a6 Kxh6 55. Kc6 g5 56. Kb6 g4 57. Rd6+ Kg5 58. Rd8 g3 59. Rg8+
Kh4 60. a7 Rxa7 61. Kxa7 Kh3 62. e6 g2 63. Rxg2 Kxg2 64. e7 h5 65. e8=Q h4 66.
Qe4+ Kg3 67. c5 h3 68. Qe5+ Kg2 69. Qg5+ Kh2 70. c6 Kh1 71. c7 h2 72. Qc1+ Kg2
73. c8=Q h1=Q 74. Q8c6+ 1-0

[Event "Tournoi Skype 024A"]
[Site "Skype"]
[Date "????.??.??"]
[Round "4.1"]
[White "Karia, Vijay"]
[Black "Siret, Bernard"]
[Result "1/2-1/2"]
[WhiteElo "1792"]
[BlackElo "2094"]
[PlyCount "58"]

1. e4 c5 2. Nc3 e5 3. Bc4 Nf6 4. d3 Be7 5. f4 Nc6 6. Nf3 exf4 7. Bxf4 O-O 8.
O-O d6 9. Qe1 Na5 10. Bd5 Bd7 11. e5 Nxd5 12. Nxd5 dxe5 13. Nxe5 Bh4 14. g3 Be6
15. Nc7 Qxc7 16. Ng6 Qc6 17. Nxf8 Rxf8 18. Qxa5 Bf6 19. c3 Bd8 20. Qxa7 Bb6 21.
Qa3 Bh3 22. Rf2 Re8 23. b3 h6 24. Qc1 Rd8 25. Qd1 Rxd3 26. Qh5 Qd7 27. c4 Bd8
28. Qe2 Bf6 29. Re1 Bd4 1/2-1/2

[Event "Tournoi Skype 024A"]
[Site "Skype"]
[Date "????.??.??"]
[Round "4.2"]
[White "Martinez, Jose Abel"]
[Black "Lopez, Jose Luis"]
[Result "1-0"]
[WhiteElo "1740"]
[BlackElo "1893"]
[PlyCount "77"]

1. d4 e6 2. Nf3 d5 3. Bf4 c5 4. e3 Nc6 5. Bb5 Nf6 6. O-O Bd6 7. dxc5 Bxc5 8. c4
O-O 9. Nc3 a6 10. Bxc6 bxc6 11. Rc1 Qe7 12. Na4 Bd6 13. Qd4 Bxf4 14. exf4 Ne4
15. Ne5 c5 16. Qd3 Bb7 17. f3 dxc4 18. Qd7 Qxd7 19. Nxd7 Rfd8 20. Nab6 Nd6 21.
Nxa8 Rxa8 22. Rfd1 Nf5 23. Nxc5 Bd5 24. Nd7 Ne3 25. Re1 Nf5 26. Nb6 Rb8 27.
Nxc4 Ne7 28. b3 Ng6 29. g3 Bxf3 30. Kf2 Bd5 31. Ne3 Ne7 32. Rc7 Kf8 33. Ra7 Bb7
34. Rc1 Nc6 35. Rxb7 Rxb7 36. Rxc6 a5 37. Ra6 Rb5 38. Nc4 Rc5 39. Rxa5 1-0

[Event "Tournoi Skype 024A"]
[Site "Skype"]
[Date "????.??.??"]
[Round "4.3"]
[White "Benson, Paul"]
[Black "Montenegro, Juan Carlos"]
[Result "1-0"]
[WhiteElo "2013"]
[BlackElo "1786"]
[PlyCount "107"]

1. e4 e6 2. d4 d5 3. Nc3 Bb4 4. exd5 exd5 5. Bd3 Nc6 6. Nge2 Nge7 7. O-O Bf5 8.
Be3 O-O 9. Ng3 Bxd3 10. Qxd3 Qd7 11. a3 Bxc3 12. Qxc3 Nb8 13. Rfe1 Nbc6 14. f3
Rae8 15. Re2 f5 16. Bf4 Ng6 17. Be5 f4 18. Nh1 Ngxe5 19. dxe5 Rf5 20. Rae1 Qe6
21. Nf2 d4 22. Qd2 Rxe5 23. Rxe5 Nxe5 24. Nd3 Qf6 25. Re4 Re7 26. Rxf4 Qd6 27.
Nxe5 Rxe5 28. Rxd4 Qb6 29. c3 Rb5 30. b4 a5 31. c4 Rf5 32. c5 Qf6 33. Rd8+ Kf7
34. Qd4 Re5 35. Kf2 axb4 36. axb4 Re7 37. Qxf6+ Kxf6 38. Rd4 Kf5 39. g4+ Kg6
40. Kg3 h6 41. Kf4 Kf6 42. Re4 g5+ 43. Ke3 Rd7 44. Rd4 Re7+ 45. Kd3 c6 46. Kc4
Kg7 47. b5 cxb5+ 48. Kxb5 Rf7 49. Rd3 Rf6 50. Rd7+ Kf8 51. Rxb7 Rxf3 52. c6 Ke8
53. Rb8+ Ke7 54. c7 1-0

[Event "Tournoi Skype 024A"]
[Site "Skype"]
[Date "????.??.??"]
[Round "4.4"]
[White "Diaz, Jose Garcia"]
[Black "Sojka, Bernard"]
[Result "1/2-1/2"]
[WhiteElo "1807"]
[BlackElo "2146"]
[PlyCount "87"]

1. e4 e5 2. Nf3 Nc6 3. a3 Nf6 4. Nc3 Be7 5. d4 d6 6. Bb5 Bd7 7. Bxc6 Bxc6 8.
Qd3 Nd7 9. Be3 exd4 10. Nxd4 Ne5 11. Qe2 O-O 12. Nxc6 bxc6 13. O-O Qc8 14. h3
Qe6 15. f4 Nd7 16. f5 Qe5 17. Rad1 Rab8 18. Bd4 Qa5 19. b4 Qxa3 20. b5 Bf6 21.
bxc6 Bxd4+ 22. Rxd4 Qxc3 23. Rc4 Qe5 24. cxd7 Qb5 25. Qd3 Qxd7 26. f6 g5 27.
Rf5 h6 28. h4 Rb1+ 29. Kh2 Rb5 30. hxg5 Rxf5 31. exf5 d5 32. Rg4 Qd6+ 33. Kh3
Re8 34. g6 Kf8 35. gxf7 Re1 36. g3 Qc5 37. Rd4 Re5 38. Qd2 Kxf7 39. Rh4 Qg1 40.
Rxh6 Qf1+ 41. Kh4 Qxf5 42. g4 Qe4 43. Qc3 Qe1+ 44. Qxe1 1/2-1/2

[Event "Tournoi Skype 024A"]
[Site "Skype"]
[Date "????.??.??"]
[Round "4.5"]
[White "Grosso, Raul"]
[Black "Ricieri, Vinicius"]
[Result "0-1"]
[WhiteElo "1895"]
[BlackElo "1814"]
[PlyCount "58"]

1. Nf3 Nf6 2. g3 g6 3. b4 Bg7 4. Bb2 O-O 5. Bg2 d6 6. O-O e5 7. d3 Nc6 8. b5
Ne7 9. c4 a6 10. a4 axb5 11. axb5 Rxa1 12. Bxa1 Ng4 13. h3 Nh6 14. Nc3 f5 15.
e3 Nf7 16. Qc2 g5 17. Nh2 f4 18. Nd5 Ng6 19. exf4 gxf4 20. gxf4 c6 21. bxc6
bxc6 22. f5 Bxf5 23. Ne3 Bd7 24. Nhg4 h5 25. Nh2 Nf4 26. d4 Bxh3 27. Bxc6 Qg5+
28. Kh1 Bxf1 29. Nexf1 Nd8 0-1

[Event "Tournoi Skype 024A"]
[Site "Skype"]
[Date "????.??.??"]
[Round "4.8"]
[White "Rico Hernandez, Edgar"]
[Black "Castillo, Jesus"]
[Result "1-0"]
[WhiteElo "1943"]
[BlackElo "1527"]
[PlyCount "121"]

1. d4 Nf6 2. Nf3 d5 3. Bf4 e6 4. e3 Bd6 5. Bg3 O-O 6. Nbd2 a6 7. Bd3 b5 8. a3
Bb7 9. c3 Qe7 10. Ne5 Nbd7 11. f4 c5 12. O-O Rac8 13. Bh4 Qe8 14. Qf3 cxd4 15.
exd4 Be7 16. Qh3 Nxe5 17. fxe5 Ne4 18. Bxe7 Qxe7 19. Nf3 h6 20. g4 Ng5 21. Qg2
Bc6 22. Nd2 a5 23. Nb3 Ne4 24. Nxa5 Qg5 25. Nxc6 Qe3+ 26. Kh1 Rxc6 27. Bxb5 Rb6
28. a4 Rfb8 29. Rae1 Qg5 30. Re2 Rxb5 31. axb5 Rxb5 32. Ra1 Qd8 33. Qf1 Rb8 34.
Ra7 Qe8 35. Kg2 Rd8 36. c4 Ra8 37. Rxa8 Qxa8 38. cxd5 Qxd5 39. Qf3 Ng5 40. Qxd5
exd5 41. b4 Ne6 42. Rb2 Nxd4 43. b5 Kf8 44. b6 Ke7 45. b7 Nc6 46. b8=Q Nxb8 47.
Rxb8 Ke6 48. Rb7 d4 49. Kf3 g5 50. Ke4 d3 51. Kxd3 Kxe5 52. Rxf7 Ke6 53. Rh7
Ke5 54. Rxh6 Kf4 55. h3 Kg3 56. Ke3 Kg2 57. h4 gxh4 58. g5 h3 59. g6 h2 60. g7
h1=Q 61. g8=Q+ 1-0

[Event "Tournoi Skype 024A"]
[Site "Skype"]
[Date "????.??.??"]
[Round "4.9"]
[White "Pena, Eduin"]
[Black "Lambert, Pierre"]
[Result "1-0"]
[WhiteElo "1720"]
[BlackElo "1870"]
[PlyCount "85"]

1. e4 c5 2. Nf3 d6 3. d4 cxd4 4. Nxd4 Nf6 5. Nc3 a6 6. Bg5 Nbd7 7. f4 g6 8. Bc4
Bg7 9. f5 Ne5 10. Bb3 Bd7 11. Bxf6 Bxf6 12. Nd5 Bg7 13. Qe2 Qa5+ 14. c3 Rc8 15.
O-O Bc6 16. f6 exf6 17. Nxf6+ Bxf6 18. Rxf6 Qc5 19. Kh1 Bd7 20. Raf1 O-O 21.
Nf5 Bxf5 22. exf5 Rce8 23. fxg6 hxg6 24. Rxg6+ Nxg6 25. Bxf7+ Kg7 26. Bxe8 Qe5
27. Qxe5+ dxe5 28. Rxf8 Nxf8 29. Bh5 Kf6 30. Bf3 b6 31. Kg1 Kf5 32. Kf2 Ng6 33.
Ke3 Ne7 34. h4 Ng8 35. g4+ Kf6 36. Ke4 Ke6 37. g5 Ne7 38. h5 Nd5 39. h6 Nf4 40.
h7 Ng6 41. Bh5 Nh8 42. g6 Kf6 43. c4 1-0

[Event "Tournoi Skype 024A"]
[Site "Skype"]
[Date "????.??.??"]
[Round "4.10"]
[White "Vello, Pablo"]
[Black "Deville, Olivier"]
[Result "0-1"]
[WhiteElo "1518"]
[BlackElo "1860"]
[PlyCount "44"]

1. d4 Nf6 2. Nc3 d5 3. Bf4 c6 4. e3 e6 5. f3 Nh5 6. Nge2 Nxf4 7. Nxf4 Bd6 8.
Bd3 O-O 9. Qd2 e5 10. dxe5 Bxe5 11. O-O-O b5 12. Kb1 b4 13. Na4 Qa5 14. b3 Rd8
15. g4 c5 16. h4 c4 17. Bxc4 Bc3 18. Nxc3 bxc3 19. Qd3 Nc6 20. Bxd5 Ba6 21. Qf5
Qa3 22. Bxf7+ Kh8 0-1

[Event "Tournoi Skype 024A"]
[Site "Skype"]
[Date "????.??.??"]
[Round "4.11"]
[White "Altinok, Selim"]
[Black "Trivedi, Viral"]
[Result "1-0"]
[WhiteElo "1840"]
[BlackElo "1654"]
[PlyCount "33"]

1. Nf3 e6 2. d4 f5 3. c4 Nf6 4. Nc3 d5 5. g3 c6 6. Bg2 Bd6 7. O-O O-O 8. Bf4
Bxf4 9. gxf4 Bd7 10. Ne5 Be8 11. Qb3 Qc8 12. Rac1 Nbd7 13. cxd5 Nxe5 14. fxe5
Nxd5 15. Nxd5 exd5 16. Bxd5+ Bf7 17. e6 1-0

[Event "Tournoi Skype 024A"]
[Site "Skype"]
[Date "????.??.??"]
[Round "4.12"]
[White "Hilton, Stephen"]
[Black "Vasquez, Oscar"]
[Result "1-0"]
[WhiteElo "1825"]
[BlackElo "1712"]
[PlyCount "59"]

1. d4 Nf6 2. c4 d5 3. Nc3 e6 4. Bg5 c6 5. e3 Nbd7 6. Nf3 Bb4 7. Qc2 h6 8. Bh4
O-O 9. Bd3 dxc4 10. Bxc4 b5 11. Bd3 Bb7 12. O-O Rc8 13. Qe2 Re8 14. Ne5 Qe7 15.
Nxd7 Qxd7 16. Bxf6 Be7 17. Bxe7 Qxe7 18. Rad1 a6 19. Ne4 e5 20. dxe5 Qxe5 21.
Nd6 Qe7 22. Nxc8 Bxc8 23. Bb1 Qg5 24. f4 Qc5 25. Kh1 Be6 26. b3 Bd5 27. e4 Qe7
28. Rfe1 Be6 29. Qf3 Qh4 30. Qg3 1-0

[Event "Tournoi Skype 024A"]
[Site "Skype"]
[Date "????.??.??"]
[Round "4.13"]
[White "Saponara, Jose Maria"]
[Black "Lovell, Stan"]
[Result "1/2-1/2"]
[WhiteElo "1790"]
[BlackElo "1620"]
[PlyCount "52"]

1. d4 b6 2. Nf3 Bb7 3. Bf4 Nf6 4. e3 e6 5. Nbd2 c5 6. c3 Nc6 7. Bd3 d5 8. Qe2
Bd6 9. Bg3 O-O 10. e4 dxe4 11. Nxe4 Nxe4 12. Bxe4 cxd4 13. Bxd6 Qxd6 14. Rd1
Qe7 15. cxd4 Rfd8 16. O-O Rd7 17. Rd2 Rad8 18. Qe3 h6 19. Bxc6 Bxc6 20. Ne5 Rc7
21. Nxc6 Rxc6 22. d5 Rcd6 23. Rfd1 Qd7 24. h3 exd5 25. Rd4 Qe6 26. Qd2 Qd7
1/2-1/2

[Event "Tournoi Skype 024A"]
[Site "Skype"]
[Date "????.??.??"]
[Round "4.14"]
[White "Segura Lozano, Marcos Antonio"]
[Black "Montalvo, Mario"]
[Result "1-0"]
[WhiteElo "1784"]
[BlackElo "1435"]
[PlyCount "83"]

1. d4 Nf6 2. c4 e6 3. Nf3 b6 4. g3 Ba6 5. Qc2 Bb4+ 6. Nbd2 O-O 7. a3 Be7 8. Bg2
d5 9. O-O Nbd7 10. Re1 Bb7 11. b3 c5 12. e3 Rc8 13. Bb2 dxc4 14. bxc4 cxd4 15.
exd4 Qc7 16. Rac1 Rfe8 17. Qb3 h6 18. Ne5 Bxg2 19. Kxg2 Nxe5 20. dxe5 Nd7 21.
Nf3 Red8 22. Qe3 Qc6 23. Kg1 Nc5 24. Nd4 Qe8 25. Red1 Na4 26. Ba1 Bc5 27. Qf3
Bxd4 28. Bxd4 Qc6 29. Qg4 Nc5 30. Bxc5 Qxc5 31. Rxd8+ Rxd8 32. Qe4 Qxa3 33. Rb1
Qa2 34. c5 bxc5 35. h4 Qd5 36. Qe1 c4 37. Ra1 Qd3 38. Rxa7 Rb8 39. Kh2 c3 40.
Qc1 Rb1 41. Qf4 Qd5 42. Qxf7+ 1-0

[Event "Tournoi Skype 024A"]
[Site "Skype"]
[Date "????.??.??"]
[Round "4.15"]
[White "Aceituno, Stebe"]
[Black "Martinez Quintero, Javier"]
[Result "0-1"]
[WhiteElo "1558"]
[BlackElo "1750"]
[PlyCount "78"]

1. e4 c5 2. Nf3 g6 3. c3 d5 4. exd5 Qxd5 5. Be2 Nf6 6. O-O Bh6 7. d4 Bxc1 8.
Qxc1 O-O 9. Qf4 Nc6 10. Na3 cxd4 11. cxd4 Bf5 12. Nc4 Rfd8 13. Ne3 Qe4 14. Qxe4
Bxe4 15. Nd2 Nxd4 16. Rae1 Nxe2+ 17. Rxe2 Bd3 18. Rfe1 Rac8 19. Nb3 Bxe2 20.
Rxe2 Ng4 21. g3 Nxe3 22. Rxe3 Rc2 23. Rxe7 Rxb2 24. Rxb7 Rd1+ 25. Kg2 Rdd2 26.
Nxd2 Rxb7 27. Nc4 Rb4 28. Nd6 Ra4 29. Nb5 Rxa2 30. Nc3 Rc2 31. Na4 a5 32. Kf1
f5 33. Nb6 Kf7 34. Nd5 Ke6 35. Ne3 Rc1+ 36. Ke2 a4 37. Kd2 Rh1 38. h4 a3 39.
Nc2 a2 0-1

[Event "Tournoi Skype 024A"]
[Site "Skype"]
[Date "????.??.??"]
[Round "4.16"]
[White "Mordaa, Ahmad"]
[Black "Thacker, Stephen"]
[Result "1-0"]
[WhiteElo "1458"]
[BlackElo "1740"]
[PlyCount "51"]

1. e4 e5 2. Nf3 Nc6 3. Bc4 Bc5 4. c3 d6 5. d4 exd4 6. cxd4 Bb4+ 7. Nc3 Qe7 8.
O-O Bxc3 9. bxc3 h6 10. Qb3 Nf6 11. Ba3 O-O 12. Bd3 Qd8 13. e5 Ne8 14. exd6
Nxd6 15. Qc2 b6 16. Rfe1 Bb7 17. Ne5 a6 18. Re3 Ne7 19. Rg3 g6 20. Bc1 Kg7 21.
h4 h5 22. Bf4 Qc8 23. Nxg6 fxg6 24. Be5+ Kh6 25. Bxg6 Qe6 26. Bg7+ 1-0

[Event "Tournoi Skype 024A"]
[Site "Skype"]
[Date "????.??.??"]
[Round "4.17"]
[White "Jaramillo, Carlos"]
[Black "Sauvaget, Joel"]
[Result "1-0"]
[WhiteElo "1559"]
[BlackElo "1684"]
[PlyCount "29"]

1. e4 e5 2. Nf3 d6 3. d4 exd4 4. Nxd4 Nf6 5. Nc3 Be7 6. Bc4 O-O 7. O-O Nbd7 8.
Re1 Ne5 9. Bb3 Bg4 10. Qd2 h6 11. h3 Bh5 12. Nf5 Nh7 13. Qf4 Bg5 14. Qg3 Bxc1
15. Qxg7# 1-0

[Event "Tournoi Skype 024A"]
[Site "Skype"]
[Date "????.??.??"]
[Round "4.18"]
[White "Engstrom, Olle"]
[Black "Vilone, Rino"]
[Result "1-0"]
[WhiteElo "1678"]
[BlackElo "1570"]
[PlyCount "60"]

1. e4 e5 2. Nf3 Nc6 3. Bb5 a6 4. Ba4 Nf6 5. O-O Be7 6. Re1 O-O 7. Bxc6 dxc6 8.
Nxe5 Qd6 9. d4 Qd8 10. c3 Be6 11. Nd2 Nd7 12. Ndf3 f6 13. Nxd7 Qxd7 14. Qd3 Bg4
15. h3 Bxf3 16. Qxf3 c5 17. d5 Rae8 18. c4 b5 19. b3 Bd6 20. Bf4 Bxf4 21. Qxf4
bxc4 22. bxc4 g6 23. Qd2 Kg7 24. f4 Qd6 25. e5 fxe5 26. fxe5 Rxe5 27. Rxe5 Qxe5
28. Re1 Qf6 29. Qe3 Qb6 30. Qc3+ Qf6 1-0

[Event "Tournoi Skype 024A"]
[Site "Skype"]
[Date "????.??.??"]
[Round "4.19"]
[White "Perrone, Gabriel Lorenzo"]
[Black "Calcino, Luis"]
[Result "0-1"]
[WhiteElo "1521"]
[BlackElo "1675"]
[PlyCount "58"]

1. d4 d6 2. Nf3 Nf6 3. c4 g6 4. Nc3 Bg7 5. e4 O-O 6. Be2 e5 7. dxe5 dxe5 8. O-O
Nc6 9. Bg5 Qe8 10. Qa4 Bd7 11. Qb3 Nd4 12. Nxd4 exd4 13. Bxf6 dxc3 14. Bxg7
Kxg7 15. Qxc3+ f6 16. Bf3 Qe6 17. Rfe1 Rae8 18. e5 fxe5 19. Bd5 Qf5 20. Re2 c6
21. Rae1 cxd5 22. cxd5 Kg8 23. f3 Qf6 24. Rxe5 Rxe5 25. Rxe5 Qb6+ 26. Kh1 Rc8
27. Qd2 Qd6 28. Qf4 Qxe5 29. Qxe5 Rc1+ 0-1

[Event "Tournoi Skype 024A"]
[Site "Skype"]
[Date "????.??.??"]
[Round "4.20"]
[White "Casey, Eamonn"]
[Black "Le Brun, Yves"]
[Result "*"]
[WhiteElo "1643"]
[BlackElo "1454"]
[PlyCount "54"]

1. d4 d6 2. c4 g6 3. Nc3 Bg7 4. e4 e5 5. d5 f5 6. Be2 Nf6 7. Bg5 h6 8. Bxf6
Qxf6 9. Nf3 Na6 10. a3 Nc5 11. Qc2 O-O 12. b4 Nxe4 13. Nxe4 fxe4 14. Qxe4 Bf5
15. Qe3 e4 16. O-O exf3 17. Bxf3 Rfe8 18. Qd2 Re5 19. Rac1 h5 20. h3 Kh7 21.
Qd1 Rf8 22. c5 Bxh3 23. cxd6 cxd6 24. Rc7 Bc8 25. Qc2 Bf5 26. Qc1 Re7 27. Rc3
Qxc3 *

[Event "Tournoi Skype 024A"]
[Site "Skype"]
[Date "????.??.??"]
[Round "4.21"]
[White "Khetre, Gaurav"]
[Black "Yeter, Orhan"]
[Result "1/2-1/2"]
[WhiteElo "1705"]
[BlackElo "1570"]
[PlyCount "159"]

1. d4 d5 2. Nf3 Nf6 3. g3 e6 4. Bg2 Be7 5. O-O O-O 6. c4 c6 7. Ne5 Nbd7 8. Nc3
b6 9. Nxc6 Qe8 10. Nb5 Nb8 11. Nxe7+ Qxe7 12. Bf4 Ne8 13. cxd5 exd5 14. Bxd5
Bb7 15. Bxb7 Qxb7 16. Rc1 Na6 17. Qd2 Qd5 18. Nc3 Qb7 19. Qe3 Nf6 20. Rfd1 Rfe8
21. Qd2 Nb4 22. a3 Nbd5 23. Be5 Nxc3 24. Rxc3 Ne4 25. Qd3 Nxc3 26. Qxc3 Rac8
27. Qd3 f6 28. Bf4 Qe4 29. Qxe4 Rxe4 30. e3 Kf7 31. Bd6 Re6 32. Bb4 a5 33. Bc3
f5 34. Re1 g6 35. f3 h5 36. e4 fxe4 37. fxe4 Rd8 38. Rf1+ Ke8 39. e5 Rd5 40. a4
b5 41. axb5 Rxb5 42. Ra1 Kd7 43. Rxa5 Rxa5 44. Bxa5 Kc6 45. Kf2 Kd5 46. Ke3 Ra6
47. Bc3 Ra1 48. Kf4 Rh1 49. h4 Rg1 50. Kf3 Rf1+ 51. Ke2 Rg1 52. Kf2 Rh1 53. Be1
Rh2+ 54. Kf3 Rxb2 55. Bf2 Rb8 56. Be3 Rf8+ 57. Ke2 Ke4 58. e6 Re8 59. d5 Kxd5
60. Kf3 Kxe6 61. Bf4 Kf5 62. Bg5 Ra8 63. Be3 Ra3 64. Kf2 Kg4 65. Bf4 Rf3+ 66.
Kg2 Rb3 67. Be5 g5 68. hxg5 Kxg5 69. Bf4+ Kg4 70. Be5 Ra3 71. Bd6 Ra2+ 72. Kg1
Kh3 73. Bf4 Rg2+ 74. Kf1 Rxg3 75. Bxg3 Kxg3 76. Kg1 h4 77. Kh1 h3 78. Kg1 Kh4
79. Kh2 Kg4 80. Kh1 1/2-1/2

[Event "Tournoi Skype 024A"]
[Site "Skype"]
[Date "????.??.??"]
[Round "4.23"]
[White "Grib, Johannes"]
[Black "Mulrooney, Justin"]
[Result "0-1"]
[WhiteElo "1522"]
[BlackElo "1647"]
[PlyCount "84"]

1. Nf3 Nf6 2. d3 d5 3. g3 Bg4 4. Bg2 Nbd7 5. O-O h6 6. Re1 e6 7. c3 c6 8. e4
dxe4 9. dxe4 Be7 10. h3 Bh5 11. e5 Nh7 12. Qb3 Nc5 13. Qc2 O-O 14. b4 Na6 15.
Rd1 Qc7 16. Qe2 Ng5 17. g4 Nxf3+ 18. Bxf3 Bg6 19. a3 Rad8 20. Qe3 b6 21. Be2
Nb8 22. f4 Nd7 23. Nd2 c5 24. Nf3 Bc2 25. Rf1 cxb4 26. axb4 a5 27. Ba3 Rc8 28.
Bb2 Bb3 29. Rac1 Qb7 30. Nd4 Bd5 31. Bf3 axb4 32. Bxd5 Qxd5 33. Rfd1 Bc5 34. c4
Qb7 35. Kh2 Rfd8 36. Qe1 Nf8 37. f5 Ra8 38. fxe6 Ra2 39. Rc2 Bxd4 40. Qxb4 Nxe6
41. c5 Qe4 42. Rcd2 Bxe5+ 0-1

[Event "Tournoi Skype 024A"]
[Site "Skype"]
[Date "????.??.??"]
[Round "4.24"]
[White "Marino, Giuseppe"]
[Black "Khunte, Aniruddha"]
[Result "1/2-1/2"]
[WhiteElo "1444"]
[BlackElo "1616"]
[PlyCount "113"]

1. d4 Nf6 2. Nf3 d5 3. e3 Bf5 4. Be2 h6 5. Nbd2 e6 6. c3 c5 7. O-O c4 8. b3 b5
9. Re1 Bd6 10. Nh4 Bh7 11. Nhf3 O-O 12. Ne5 Nbd7 13. bxc4 bxc4 14. Nxd7 Qxd7
15. Nf3 Ng4 16. Qd2 Bc7 17. Bd1 Qd6 18. g3 Bf5 19. a4 Rfe8 20. Bc2 Bxc2 21.
Qxc2 e5 22. dxe5 Nxe5 23. Nxe5 Qxe5 24. Ba3 h5 25. h4 g5 26. hxg5 Qxg5 27. Qe2
Re5 28. f3 Qxg3+ 29. Qg2 Re6 30. Qxg3+ Bxg3 31. Re2 Rae8 32. Bc1 Rg6 33. Rb1
Be1+ 34. Kh2 Bxc3 35. Kh3 h4 36. Rg2 Bf6 37. Rxg6+ fxg6 38. Rb7 Re7 39. Rb5 Rd7
40. a5 a6 41. Rb6 Ra7 42. Rxf6 Kg7 43. Bb2 Kh7 44. Kxh4 Rb7 45. Bd4 c3 46. Bxc3
Rc7 47. Bd4 Rc1 48. Rxa6 Rh1+ 49. Kg3 Rg1+ 50. Kf4 Rf1 51. Rf6 Kh6 52. a6 Rh1
53. a7 Rh4+ 54. Ke5 Rh5+ 55. Ke6 Kg5 56. a8=Q Rh8 57. Qxh8 1/2-1/2

[Event "Tournoi Skype 024A"]
[Site "Skype"]
[Date "????.??.??"]
[Round "4.25"]
[White "Alvarez, Juan Evangelista"]
[Black "Mitrani, Alberto"]
[Result "1-0"]
[WhiteElo "1590"]
[BlackElo "1549"]
[PlyCount "61"]

1. d4 d6 2. Qd3 g6 3. e4 Nf6 4. Nc3 Bg7 5. Bf4 O-O 6. O-O-O c6 7. Be2 Nbd7 8.
h4 b5 9. e5 Nh5 10. Bxh5 gxh5 11. exd6 e6 12. Nf3 b4 13. Ng5 f5 14. Nxe6 Qf6
15. Nxf8 Bxf8 16. Ne2 Nb6 17. Rh3 Bxd6 18. Rg3+ Kf7 19. Qf3 Bxf4+ 20. Nxf4 Qxh4
21. Nxh5 Nd5 22. Rg7+ Ke6 23. Rxh7 Qg5+ 24. Kb1 Kd6 25. Rh1 f4 26. Ng7 Bd7 27.
R1h6+ Nf6 28. Nh5 Re8 29. b3 Rf8 30. Nxf4 Bg4 31. Qg3 1-0

[Event "Tournoi Skype 024A"]
[Site "Skype"]
[Date "????.??.??"]
[Round "4.26"]
[White "Perez Fermin, Jose"]
[Black "Gharbi, Said"]
[Result "0-1"]
[WhiteElo "1576"]
[BlackElo "1537"]
[PlyCount "48"]

1. e4 e5 2. Nf3 Nf6 3. Nxe5 d6 4. Nf3 Nxe4 5. Nc3 Nxc3 6. dxc3 Be7 7. Be3 O-O
8. Bc4 Re8 9. O-O Nd7 10. Qd5 Rf8 11. Bg5 Bf6 12. Bxf6 Qxf6 13. Rfe1 Nb6 14.
Qb5 Bd7 15. Qb3 Ba4 16. Qb4 a5 17. Qa3 Bxc2 18. Bb3 Bxb3 19. Qxb3 a4 20. Qb5 a3
21. Re3 axb2 22. Qxb2 Nc4 23. Qxb7 Nxe3 24. fxe3 Qxc3 0-1

[Event "Tournoi Skype 024A"]
[Site "Skype"]
[Date "????.??.??"]
[Round "4.27"]
[White "Leyton Calderon, Jairo Oswaldo"]
[Black "Bhandari, Dattatrey"]
[Result "1-0"]
[WhiteElo "1562"]
[BlackElo "1425"]
[PlyCount "72"]

1. Nf3 e6 2. b3 Nc6 3. Bb2 d6 4. e3 a6 5. c4 e5 6. d3 Nf6 7. Be2 Be7 8. O-O Bd7
9. Nc3 h6 10. a3 Nh7 11. Nd5 Na7 12. Qc2 c6 13. Nxe7 Qxe7 14. Nd2 f5 15. f4 Nf6
16. fxe5 dxe5 17. Nf3 Ng4 18. h3 Nxe3 19. Qc3 Nxf1 20. Bxf1 Qc5+ 21. Kh1 Qd6
22. Nxe5 O-O-O 23. Nf7 Qg3 24. Nxh8 Rxh8 25. Qxg7 Qxg7 26. Bxg7 Rh7 27. Bc3 Kc7
28. Re1 Nc8 29. Be2 Re7 30. Bf3 Rxe1+ 31. Bxe1 Ne7 32. Bd2 Ng6 33. Bxh6 f4 34.
Be4 Kd6 35. Bxg6 Ke5 36. Bg7+ Ke6 1-0

[Event "Tournoi Skype 024A"]
[Site "Skype"]
[Date "????.??.??"]
[Round "4.28"]
[White "Ram, Madhukesh"]
[Black "Salazar Ticeran, Antonio"]
[Result "1/2-1/2"]
[WhiteElo "1430"]
[BlackElo "1590"]
[PlyCount "125"]

1. d4 d5 2. c4 e6 3. Nf3 Bb4+ 4. Nbd2 dxc4 5. e3 Nf6 6. Bxc4 O-O 7. a3 Bd6 8.
O-O c6 9. h3 b5 10. Bd3 Nbd7 11. Qc2 g6 12. Qxc6 Qc7 13. Qxc7 Bxc7 14. Bxb5 Rb8
15. Bxd7 Bxd7 16. b4 Bb5 17. Re1 Nd5 18. Bb2 f5 19. Rac1 Rfc8 20. Ng5 Bd7 21.
e4 f4 22. exd5 exd5 23. Ne6 Bd6 24. Rxc8+ Rxc8 25. Nc5 Bf5 26. Nf3 h6 27. Ne5
Bc2 28. Ned7 Bf8 29. Nxf8 Kxf8 30. Nd7+ Kg7 31. Nc5 Bf5 32. Ne6+ Bxe6 33. Rxe6
Rc2 34. Rd6 Rxb2 35. Rxd5 Rb3 36. Ra5 Rd3 37. d5 Kf6 38. Ra6+ Ke5 39. d6 g5 40.
Rc6 h5 41. a4 g4 42. hxg4 hxg4 43. b5 g3 44. fxg3 fxg3 45. Kf1 Rxd6 46. Rxd6
Kxd6 47. Ke2 Kc5 48. Kf3 Kb4 49. Kxg3 Kxa4 50. Kf4 Kxb5 51. g4 a5 52. g5 a4 53.
g6 a3 54. g7 a2 55. g8=Q a1=Q 56. Qb8+ Kc4 57. Qc7+ Kb3 58. Qb6+ Kc2 59. Qf2+
Kb3 60. Qb6+ Kc2 61. Qg6+ Kb3 62. Qd3+ Kb4 63. Qc3+ 1/2-1/2

[Event "Tournoi Skype 024A"]
[Site "Skype"]
[Date "????.??.??"]
[Round "4.29"]
[White "Ramirez Reina, Orlando"]
[Black "Thoune, Jim"]
[Result "1-0"]
[WhiteElo "1492"]
[BlackElo "1659"]
[PlyCount "62"]

1. e4 c5 2. d4 cxd4 3. c3 dxc3 4. Nxc3 Nc6 5. Bc4 d6 6. Nf3 e6 7. O-O Bd7 8.
Qe2 g6 9. Rd1 a6 10. Bf4 Qc7 11. Rac1 O-O-O 12. Bxa6 bxa6 13. Qxa6+ Qb7 14.
Qxb7+ Kxb7 15. Bxd6 Bxd6 16. Rxd6 Nf6 17. Rcd1 Bc8 18. e5 Rxd6 19. Rxd6 Ng4 20.
h3 Ngxe5 21. Nxe5 Nxe5 22. Ne4 Kc7 23. Rd2 Rd8 24. Rc2+ Kb8 25. f3 h6 26. f4
Rd1+ 27. Kh2 Ba6 28. Nc5 Bf1 29. fxe5 Rd5 30. Kg1 Bb5 31. a4 Bxa4 1-0